Resheph : a Syro-Canaanite deity /

محفوظ في:

المؤلف الرئيسي: Lipiński, Edward (مؤلف)

التنسيق: كتاب

اللغة: Multiple

منشور في: Leuven ; Walpole, MA : Peeters, 2009.

سلاسل: Orientalia Lovaniensia Analecta ; 181.
OLA ; 181.
Studia Phoenicia ; 19.

الموضوعات:

الوسوم: إضافة وسم

لا توجد وسوم, كن أول من يضع وسما على هذه التسجيلة!

رقم الطلب: DS1 .O7 v.181

LEADER 01065namaa2200313 4500
001 22384
003 OSt
005 20211104101242.0
008 130303s2009 be a g 001 0 mul d
952 |0 0  |1 0  |2 lcc  |3 V.181  |4 0  |6 DS0001 O7 V.00181  |7 1  |9 21991  |a ARCE  |b ARCE  |d 2021-11-04  |l 0  |o DS1 .O7 v.181  |p 1015627  |r 2021-11-04 00:00:00  |w 2021-11-04  |y BK 
999 |c 21368  |d 21368 
020 |a 9789042921078 
040 |c ARCE Library 
050 4 |a DS1 .O7 v.181 
100 1 |a Lipiński, Edward,  |e author  |9 34817 
245 1 0 |a Resheph :  |b a Syro-Canaanite deity /  |c by Edward Lipiński. 
264 1 |a Leuven ;  |a Walpole, MA :  |b Peeters,  |c 2009. 
300 |a 296 pages :  |b illustrations (some color) ;  |c 25 cm. 
490 1 |a Orientalia Lovaniensia Analecta ;   |v 181. 
490 1 |a OLA ;   |v 181. 
490 1 |a Studia Phoenicia ;  |v 19. 
555 |a Nabil 
650 0 |a Rešep (Canaanite deity)  |9 5709 
651 0 |a Syria   |x Religion. 
830 0 |a Orientalia Lovaniensia Analecta ;   |v 181. 
830 0 |a OLA ;   |v 181. 
830 0 |a Studia Phoenicia ;  |v 19. 
901 |a reviewed 
942 |c BK  |2 lcc